Global climate change (Record no. 3233)

MARC details
000 -LEADER
fixed length control field 00600 a2200193 4500
010 ## - LIBRARY OF CONGRESS CONTROL NUMBER
LC control number ENG-85650
020 ## - INTERNATIONAL STANDARD BOOK NUMBER
International Standard Book Number 8189766104
Terms of availability 1995.00
035 ## - SYSTEM CONTROL NUMBER
System control number EN-69183
037 ## - SOURCE OF ACQUISITION
Source of stock number/acquisition D.B.Act / Pub
082 14 - DEWEY DECIMAL CLASSIFICATION NUMBER
Classification number 551.6
090 ## - LOCALLY ASSIGNED LC-TYPE CALL NUMBER (OCLC); LOCAL CALL NUMBER (OCLC)
-- 3297
-- 3297
100 1# - MAIN ENTRY--PERSONAL NAME
Personal name Kumar, H. D.
245 1# - TITLE STATEMENT
Title Global climate change
Statement of responsibility, etc by H. D. Kumar
260 ## - PUBLICATION, DISTRIBUTION, ETC. (IMPRINT)
Place of publication, distribution, etc New Delhi
Name of publisher, distributor, etc Vitasta Publishing
Date of publication, distribution, etc 2007
300 ## - PHYSICAL DESCRIPTION
Extent xv, 487 p. :
Dimensions 23.5 cm ( Hb.)
500 ## - GENERAL NOTE
General note Includes bibliograpgical refrences and index
942 ## - ADDED ENTRY ELEMENTS (KOHA)
Institution code [OBSOLETE] dpl
Koha item type English Books
Call number prefix 551.6 / KUM
Holdings
Withdrawn status Lost status Source of classification or shelving scheme Damaged status Not for loan Collection code Home library Current library Source of acquisition Cost, normal purchase price Total Checkouts Full call number Barcode Date last seen Copy number Uniform Resource Identifier Cost, replacement price Price effective from Koha item type
    Dewey Decimal Classification   Not For Loan Non-fiction D.B.Act.Division D.B.Act.Division DBAD/PUB 1995.00   551.6 KUM EN-69183 15/09/2008 1 3441 1995.00 15/09/2008 English Books

© Delhi Public Library
Hit Counter
free hit counter